00985cam a2200253 a 45000010008000000030004000080050017000120080041000290100017000700200015000870400017001020500015001190820012001341000019001462450090001652500012002552600038002673000033003055040066003385050275004046500014006797000019006937000019007123916026OSt20230706155006.0911008s1991 ilua b 001 0 eng  a 91203490  a0881335428 aDLCcLCdDLC00aPN187.F67 00a808220 aFoss, Sonja K.00aContemporary perspectives on rhetoric. /cSonja K. Foss, Karen A. Foss, Robert Trapp. a2nd ed. aIllinois:bWaveland Press,c1991. aix, 444 p. :bill. ;c23 cm. aIncludes bibliographical references (p. 341-430) and indexes. aContents: Perspectives on the study of rhetoric -- I. A. Richards -- Richard M. Weaver -- Stephen Toulmin -- Chaim Perelman -- Ernesto Grassi -- Kenneth Burke -- Michel Foucault -- Jurgen Habermas -- Challenges to the rhetorical tradition -- An unending conversation --  0aRhetoric.1 aFoss, Karen A.1 aTrapp, Robert.